[Event "RSA-ch U12 Girls"]
[Site "Gauteng"]
[Date "2017.04.10"]
[Round "10"]
[White "De Beer, Janka"]
[Black "Schonken, Christina"]
[Result "0-1"]
[WhiteElo "684"]
[BlackElo "1036"]
[PlyCount "72"]
[EventDate "2017.04.05"]
[EventType "swiss"]
[EventRounds "11"]
[EventCountry "RSA"]
[SourceTitle "CBM 177 Extra"]
[Source "ChessBase"]
[SourceDate "2017.04.27"]
[SourceVersion "1"]
[SourceVersionDate "2017.04.27"]
[SourceQuality "1"]

1. e4 Nc6 2. Nf3 a6 3. Bc4 e6 4. Nc3 Bb4 5. d3 Bxc3+ 6. bxc3 h6 7. Ba3 Nf6 8. e5 Ng4 9. Qe2 d6 10. d4 h5 11. h3 Nh6 12. Qe4 d5 13. Qd3 dxc4 14. Qxc4 Qd5 15. Qxd5 exd5 16. Ng5 Bf5 17. Rc1 0-0-0 18. 0-0 f6 19. exf6 gxf6 20. Nf3 Rhg8 21. Kh2 Be4 22. Nh4 Rg5 23. g3 f5 24. Rg1 f4 25. gxf4 Rxg1 26. Rxg1 Bxc2 27. Rg5 Bd1 28. Rg6 Nf7 29. Nf5 Bc2 30. Rf6 Nd6 31. Ng7 Ne4 32. Re6 Rh8 33. c4 dxc4 34. d5 Rd8 35. Re7 Bb1 36. f3 Nd6 0-1